000 01329cam a2200385 i 4500
999 _c57910
_d57910
001 18231931
005 20210331142244.0
008 140718s2014 nyub b 001 0 eng
010 _a 2014028152
020 _a9781594206146 (hardcover)
020 _a9780143127710 (paperback)
040 _aDLC
_beng
_cDLC
_erda
_dDLC
042 _apcc
050 0 0 _aJZ1242
_b.K575 2014
080 _a327.2 K-43
082 0 0 _a327
_223
100 1 _aKissinger, Henry,
_d1923-
_eauthor.
_910907
245 1 0 _aWorld order /
_cHenry Kissinger.
264 1 _aNew York :
_bPenguin Press,
_c2014.
300 _a420 pages :
_bmaps ;
_c25 cm
336 _atext
_2rdacontent
337 _aunmediated
_2rdamedia
338 _avolume
_2rdacarrier
504 _aIncludes bibliographical references (pages 379-403) and index.
650 0 _aWorld politics
_y21st century.
_99190
650 0 _aSecurity, International.
_98947
650 0 _aInternational relations.
_910908
650 0 _aGeopolitics.
_910909
653 _aWorld Order
653 _aმსოფლიო წესრიგი
653 _aМировой порядок
906 _a7
_bcbc
_corignew
_d1
_eecip
_f20
_gy-gencatlg
942 _2udc
_cBK
955 _bre04 2014-07-18
_ire04 2014-07-18
_ahb09 2014-10-28 copy to LOAN
_axk15 2015-01-20 2 copies (x-copy discards) to CALM